'E'-Less Presidents Quiz Stats

Quiz Updated Jan 20, 2017

Challenge
Share
Tweet
Embed
Score 0/26 Timer 03:00
12 Plays Today
% Correct
George W. Bush
96.7%
George H.W. Bush
96.6%
George Washington
94.8%
Barack Obama
94.3%
John Adams
91.2%
John Quincy Adams
91%
Bill Clinton
90%
Abraham Lincoln
89.2%
Donald Trump
89.1%
Richard Nixon
82.9%
Lyndon Johnson
80.8%
Andrew Johnson
80.7%
Gerald Ford
75.7%
% Correct
Andrew Jackson
74.9%
William Taft
73.8%
James Madison
69.2%
Ulysses Grant
68.6%
James Polk
68.6%
Harry Truman
65.1%
Woodrow Wilson
62.9%
William Harrison
62.4%
Benjamin Harrison
62.4%
Zachary Taylor
55%
James Buchanan
49.3%
Warren Harding
46%
Chester Arthur
44%

You're not logged in!

Compare scores with friends on all Sporcle quizzes.
Join for Free
OR
Log In

You Might Also Like...

Show Comments

Extras

Top Quizzes Today


Score Distribution

Your Account Isn't Verified!

In order to create a playlist on Sporcle, you need to verify the email address you used during registration. Go to your Sporcle Settings to finish the process.

Report this User

Report this user for behavior that violates our Community Guidelines.

Details: